| 000 | 00395pab a2200169 454500 | ||
|---|---|---|---|
| 008 | 180718b2000 xxu||||| |||| 00| 0 eng d | ||
| 100 | _aKishore, Raj | ||
| 245 | _aUse of tractors in Indian agriculture | ||
| 260 | _c2000 | ||
| 300 | _ap.44-45,50 | ||
| 362 | _aOct | ||
| 650 | _aAgriculture - India | ||
| 650 | _aAgriculture | ||
| 700 | _aSingh, G.N. | ||
| 773 | _aYojana | ||
| 909 | _a46256 | ||
| 999 |
_c46256 _d46256 |
||